Wszystkie dawne flagi świata - Statystyki

Ogólne statystyki
  • Ten quiz został rozwiązany 55 razy
  • Średni wynik to 50 z 196
Statystyki odpowiedzi
Obrazkowy Odpowiedź % Poprawnych
Stany Zjednoczone
100%
Wielka Brytania
98%
Australia
95%
Rosja
83%
Włochy
78%
Bułgaria
75%
Francja
75%
Węgry
73%
Holandia
70%
Japonia
68%
Korea Południowa
65%
Norwegia
65%
Bangladesz
63%
Nowa Zelandia
63%
Albania
60%
Cypr
60%
Irlandia
60%
Izrael
60%
Kosowo
60%
Szwajcaria
60%
Tunezja
60%
Turcja
60%
Wybrzeże Kości Słoniowej
60%
Kanada
58%
Nepal
58%
Watykan
58%
Bhutan
55%
Grecja
55%
Niger
55%
Szwecja
55%
Belgia
53%
Dominikana
53%
Liban
53%
Gruzja
50%
Polska
48%
Arabia Saudyjska
43%
Austria
43%
Brazylia
43%
Hiszpania
43%
Malediwy
43%
Mauretania
43%
Meksyk
43%
Peru
43%
Chiny
40%
Indie
40%
Papua-Nowa Gwinea
40%
Turkmenistan
40%
Kamerun
38%
Niemcy
38%
Oman
38%
Urugwaj
38%
Dania
35%
Filipiny
35%
Iran
35%
Libia
35%
Republika Południowej Afryki
35%
Wenezuela
35%
Wietnam
35%
Eswatini
33%
Irak
33%
Jordania
33%
Syria
33%
Gabon
30%
Sudan Południowy
30%
Chorwacja
28%
Islandia
28%
Kuba
28%
Liechtenstein
28%
Malta
28%
Rwanda
28%
San Marino
28%
Serbia
28%
Angola
25%
Argentyna
25%
Demokratyczna Republika Konga
25%
Dżibuti
25%
Komory
25%
Kostaryka
25%
Liberia
25%
Mjanma
25%
Mozambik
25%
Panama
25%
Tajwan
25%
Białoruś
23%
Bośnia i Hercegowina
23%
Brunei
23%
Chile
23%
Finlandia
23%
Gwinea Równikowa
23%
Haiti
23%
Kiribati
23%
Korea Północna
23%
Macedonia Północna
23%
Malawi
23%
Mikronezja
23%
Monako
23%
Namibia
23%
Paragwaj
23%
Somalia
23%
Afganistan
20%
Bahrajn
20%
Belize
20%
Egipt
20%
Erytrea
20%
Etiopia
20%
Mongolia
20%
Portugalia
20%
Słowacja
20%
Tadżykistan
20%
Tajlandia
20%
Wyspy Świętego Tomasza i Książeca
20%
Andora
18%
Barbados
18%
Czad
18%
Honduras
18%
Kazachstan
18%
Litwa
18%
Nikaragua
18%
Sri Lanka
18%
Uzbekistan
18%
Zambia
18%
Burundi
15%
Czarnogóra
15%
Ekwador
15%
Jemen
15%
Katar
15%
Mali
15%
Salwador
15%
Słowenia
15%
Azerbejdżan
13%
Estonia
13%
Gwatemala
13%
Kambodża
13%
Laos
13%
Łotwa
13%
Luksemburg
13%
Republika Środkowoafrykańska
13%
Gwinea
10%
Gwinea Bissau
10%
Tanzania
10%
Armenia
8%
Czechy
8%
Ghana
8%
Kolumbia
8%
Lesotho
8%
Pakistan
8%
Saint Lucia
8%
Uganda
8%
Bahamy
5%
Indonezja
5%
Jamajka
5%
Kuwejt
5%
Madagaskar
5%
Malezja
5%
Palau
5%
Burkina Faso
3%
Fidżi
3%
Maroko
3%
Seszele
3%
Singapur
3%
Sudan
3%
Timor Wschodni
3%
Tonga
3%
Tuvalu
3%
Ukraina
3%
Zimbabwe
3%
Algieria
0%
Antigua i Barbuda
0%
Benin
0%
Boliwia
0%
Botswana
0%
Dominika
0%
Gambia
0%
Grenada
0%
Gujana
0%
Kenia
0%
Kirgistan
0%
Kongo
0%
Mauritius
0%
Moldavia
0%
Nauru
0%
Nigeria
0%
Republika Zielonego Przylądka
0%
Roumania
0%
Saint Kitts i Nevis
0%
Saint Vincent i Grenadyny
0%
Samoa
0%
Senegal
0%
Sierra Leone
0%
Surinam
0%
Togo
0%
Trynidad i Tobago
0%
Vanuatu
0%
Wyspy Marshalla
0%
Wyspy Salomona
0%
Zjednoczone Emiraty Arabskie
0%
Nie znaleziono quizów pasujących do podanych kryteriów
Rozkład punktacji
Procent ludzi z każdym wynikiem
Percentyl według liczby udzielonych odpowiedzi
Twoja historia wyników
Nie rozwiązałeś tego quizu